|
|
|
|
| LEADER |
00614nam a2200181 i 4500 |
| 001 |
publ25384 |
| 005 |
20221025105250.0 |
| 008 |
221025s2014 hu o 0|| Magyar d |
| 020 |
|
|
|a 9789632793870
|
| 024 |
7 |
|
|a 2764485
|2 mtmt
|
| 040 |
|
|
|a SZTE Publicatio Repozitórium
|b hun
|
| 041 |
|
|
|a Magyar
|
| 100 |
1 |
|
|a Sándor Klára
|
| 245 |
1 |
2 |
|a A székely írás nyomában
|h [elektronikus dokumentum] /
|c Sándor Klára
|
| 260 |
|
|
|a Typotex Kiadó
|b Budapest
|c 2014
|
| 300 |
|
|
|a 353
|
| 650 |
|
4 |
|a Nyelvek és irodalom
|
| 856 |
4 |
0 |
|u http://publicatio.bibl.u-szeged.hu/25384/1/SandorK_A_szekely_iras_nyomaban_2014.pdf
|z Dokumentum-elérés
|